000 00618nam a2200181Ia 4500
003 IN-BaIIA
008 211028s9999 xx 000 0 eng d
020 _a0-12-333343-1
040 _cIIA Library
080 _a537.533
_bHAW-3
245 0 _aPrinciples of electron optics
_bvol. 3, wave optics
_cedited by P. W. Hawkes and E. Kasper
260 _aLondon
_bAcademic Press
_c1996
300 _axii, 1191-1899p.
650 _aElectron optics, Geometrical optics, Wave optics
_921298
700 _aHawkes, P. W., ed.
_921299
700 _aKasper, E., ed.
_921300
942 _cBK
999 _c12195
_d12195